William Carlos Williams; a collection of critical essays /

Đã lưu trong:
書目詳細資料
主要作者: Carlos, William.
其他作者: Miller, J. Hillis (ed.)
格式: Sách giấy
語言:English
出版: Englewood Cliffs, N. J. : Prentice-Hall, 1966.
標簽: 添加標簽
沒有標簽, 成為第一個標記此記錄!
Thư viện lưu trữ: Thư viện Trường Đại học Đà Lạt
LEADER 00717nam a2200277 4500
001 DLU100110357
005 ##2010084
040 # # |a DLU  |b vie 
041 # # |a eng 
044 # # |a us 
082 # # |a 814  |b WI-W 
100 # # |a Carlos, William. 
245 # # |a William Carlos Williams; a collection of critical essays /  |c William Carlos; edited by J. Hillis Miller. 
260 # # |a Englewood Cliffs, N. J. :  |b Prentice-Hall,  |c 1966. 
300 # # |a viii, 182 p. ;  |c 21 cm. 
700 # # |a Miller, J. Hillis ,  |e ed. 
923 # # |a 100/2010 
992 # # |a 0 
994 # # |a DLU 
900 # # |a True 
911 # # |a Lý Thị Hồng Hạnh 
925 # # |a G 
926 # # |a A 
927 # # |a SH 
980 # # |a Thư viện Trường Đại học Đà Lạt